00646 2200229 4500001002100000005001500021035002000036007000300056008004100059020002200100082001100122084001800133100001200151245008300163250001400246260003900260300002400299500005400323990001300377990001300390990001300403INLIS00000000000620820201220014803 a0010-1220000600ta201220 g 0 ind  a978-602-313-037-5 a370.15 a370.15 BAR m0 aBARNAWI1 aMICRO TEACHING :bTeori & praktik pengajaran yang efektif & kreatif /cBARNAWI aCetakan 2 aYOGYAKARTA :bAR-RUZZ MEDIA,c2020 a220 ;c14,8 x 21 cm aTeori & praktik pengajaran yang efektif & kreatif a72447244 a72447244 a72447244